[Event "NAYCC U16 w"]
[Site "Kingston CAN"]
[Date "2019.08.18"]
[Round "5.177"]
[White "Wang, Isabelle"]
[Black "Zhang, Michelle"]
[Result "1-0"]
[WhiteElo "1439"]
[BlackElo "1486"]
[PlyCount "67"]
[EventDate "2019.08.16"]
[EventType "swiss"]
[EventRounds "9"]
[EventCountry "CAN"]

1. e4 e5 2. Nf3 Nc6 3. Nc3 d6 4. d4 Bg4 5. d5 Nd4 6. Be2 Nxe2 7. Qxe2 Nf6 8.
Be3 Be7 9. O-O-O O-O 10. h3 Bd7 11. g4 c6 12. g5 Nh5 13. Nd2 Nf4 14. Bxf4 exf4
15. h4 cxd5 16. Nxd5 Re8 17. Rdg1 Rc8 18. Nb3 Be6 19. Nxf4 Bxb3 20. axb3 Qa5
21. c3 f6 22. Nd5 fxg5 23. Nxe7+ Rxe7 24. Kc2 gxh4 25. Rxh4 d5 26. Qh5 h6 27.
Qxh6 Rcc7 28. Qh8+ Kf7 29. Rxg7+ Ke6 30. Qg8+ Kd7 31. Rxe7+ Kxe7 32. Rh6 Kd7
33. Qf7+ Kd8 34. Rh8# 1-0

[Event "NAYCC U16 w"]
[Site "Kingston CAN"]
[Date "2019.08.18"]
[Round "5.178"]
[White "Liu, Gloria"]
[Black "Pinder, Trinity"]
[Result "1-0"]
[WhiteElo "870"]
[BlackElo "1289"]
[PlyCount "79"]
[EventDate "2019.08.16"]
[EventType "swiss"]
[EventRounds "9"]
[EventCountry "CAN"]

1. e4 c5 2. Nf3 d6 3. d4 cxd4 4. Nxd4 Nc6 5. Be3 g6 6. Nc3 Bg7 7. h3 Nf6 8. Qd2
O-O 9. Nde2 Kh8 10. Bh6 Bxh6 11. Qxh6 Ng8 12. Qe3 e5 13. O-O-O Be6 14. a3 Qc7
15. Nb5 Qb6 16. Qxb6 axb6 17. Nxd6 Rab8 18. f4 f5 19. fxe5 Nxe5 20. Nf4 Bd7 21.
Nc4 Nxc4 22. Bxc4 Nf6 23. exf5 Bxf5 24. g4 Be4 25. Rhg1 g5 26. Ne6 Rfc8 27. Bb3
h6 28. Rgf1 Nh7 29. Rfe1 Nf6 30. Rd6 Rc6 31. Rd8+ Rxd8 32. Nxd8 Rc7 33. Nf7+
Kg7 34. Nd6 Bd5 35. Bxd5 Nxd5 36. Ne8+ Kg6 37. Re6+ Kh7 38. Nxc7 Nxc7 39. Re7+
Kg6 40. Rxc7 1-0

[Event "NAYCC U16 w"]
[Site "Kingston CAN"]
[Date "2019.08.18"]
[Round "6.173"]
[White "Vittal, Sanjana"]
[Black "Zhou, Iris"]
[Result "1-0"]
[WhiteElo "1905"]
[BlackElo "1794"]
[PlyCount "73"]
[EventDate "2019.08.16"]
[EventType "swiss"]
[EventRounds "9"]
[EventCountry "CAN"]

1. e4 c6 2. Nc3 d5 3. Nf3 Bg4 4. h3 Bxf3 5. Qxf3 e6 6. Be2 Nd7 7. d4 Ne7 8. Be3
Ng6 9. g3 Qc7 10. h4 h5 11. O-O-O Nf6 12. exd5 exd5 13. Bd3 O-O-O 14. Bg5 Be7
15. Rhe1 Kb8 16. Bxg6 fxg6 17. Qd3 Bb4 18. Qxg6 Rdf8 19. a3 Bd6 20. Re6 Re8 21.
Rxd6 Ka8 22. Bf4 Qe7 23. Kb1 Ng4 24. f3 Nf6 25. Ka2 a6 26. Rd3 Qf8 27. Qf5 Qf7
28. Re3 Rxe3 29. Bxe3 Re8 30. Bf4 Qe7 31. Be5 Ka7 32. Qf4 Rf8 33. Qg5 Rc8 34.
Na4 b6 35. Qf5 Kb7 36. Nxb6 Rf8 37. Nd7 1-0

[Event "NAYCC U16 w"]
[Site "Kingston CAN"]
[Date "2019.08.18"]
[Round "6.174"]
[White "Carrillo, Hiromi"]
[Black "Cui, Cynthia"]
[Result "1-0"]
[WhiteElo "1503"]
[BlackElo "1783"]
[PlyCount "95"]
[EventDate "2019.08.16"]
[EventType "swiss"]
[EventRounds "9"]
[EventCountry "CAN"]

1. c4 e5 2. d3 Nc6 3. Nc3 d6 4. g3 Be6 5. Bg2 Qd7 6. Rb1 g6 7. b4 Bg7 8. b5 Nd8
9. Bd2 Ne7 10. a4 O-O 11. Qc1 c6 12. Bh6 d5 13. Bxg7 Kxg7 14. cxd5 cxd5 15. Nf3
Rc8 16. Qb2 Qc7 17. Na2 f6 18. Rc1 Qa5+ 19. Nd2 Rxc1+ 20. Nxc1 Qxa4 21. O-O Nf7
22. b6 a6 23. Ncb3 Qb5 24. Qa3 Re8 25. Rb1 Nd8 26. Na5 Qd7 27. Ndb3 Nec6 28.
Rc1 Qe7 29. Qc5 Qd7 30. Qa3 Bf7 31. Qa4 Qe7 32. h3 e4 33. Nxc6 Nxc6 34. Na5
exd3 35. exd3 Rc8 36. Nxc6 Qd6 37. Rc2 Be8 38. Qg4 Rxc6 39. Rxc6 Bxc6 40. Qc8
Qb4 41. Qc7+ Kh6 42. Kh2 Qd4 43. f4 Qxd3 44. Qf7 Qa3 45. Qxf6 Qe3 46. Qf8+ Kh5
47. g4+ Kh4 48. Qh6# 1-0

[Event "NAYCC U16 w"]
[Site "Kingston CAN"]
[Date "2019.08.18"]
[Round "6.175"]
[White "He, Emma"]
[Black "Wang, Isabelle"]
[Result "1/2-1/2"]
[WhiteElo "1808"]
[BlackElo "1439"]
[PlyCount "85"]
[EventDate "2019.08.16"]
[EventType "swiss"]
[EventRounds "9"]
[EventCountry "CAN"]

1. e4 e5 2. Nf3 Nc6 3. Bc4 Bc5 4. c3 Nf6 5. d3 O-O 6. O-O d6 7. b4 Bb6 8. Nbd2
Be6 9. Bxe6 fxe6 10. Nc4 Ne7 11. a4 a6 12. Nxb6 cxb6 13. Qb3 Qd7 14. c4 Ng6 15.
Be3 b5 16. axb5 axb5 17. cxb5 d5 18. Bc5 Rfe8 19. b6 dxe4 20. dxe4 Nxe4 21.
Rac1 Qd5 22. Qb1 Nd2 23. Nxd2 Qxd2 24. Rfd1 Qg5 25. Qe4 Nf4 26. Kh1 Nd5 27. Re1
Ra4 28. Qc4 Nf4 29. g3 Nd5 30. Ra1 Rxa1 31. Rxa1 Qf5 32. Qb5 Qf3+ 33. Kg1 Rd8
34. Qc4 Nf4 35. gxf4 Qg4+ 36. Kh1 Qf3+ 37. Kg1 Qg4+ 38. Kf1 Rd1+ 39. Rxd1 Qxd1+
40. Kg2 Qg4+ 41. Kh1 Qf3+ 42. Kg1 Qg4+ 43. Kh1 1/2-1/2

[Event "NAYCC U16 w"]
[Site "Kingston CAN"]
[Date "2019.08.18"]
[Round "6.176"]
[White "Savla, Saniya"]
[Black "Su, Carah"]
[Result "1/2-1/2"]
[WhiteElo "1405"]
[BlackElo "1494"]
[PlyCount "73"]
[EventDate "2019.08.16"]
[EventType "swiss"]
[EventRounds "9"]
[EventCountry "CAN"]

1. e4 e5 2. Nf3 Nc6 3. Bc4 Bc5 4. Nc3 Nf6 5. d3 h6 6. h3 d6 7. Be3 Bb6 8. O-O
Ne7 9. Na4 c6 10. Nxb6 axb6 11. a3 Ng6 12. Nd2 O-O 13. Bb3 d5 14. exd5 Nxd5 15.
Re1 Re8 16. Nf3 Qf6 17. Nd2 Nh4 18. Kh1 Nxe3 19. fxe3 Qg5 20. Qe2 Nf5 21. Qf2
Be6 22. Nf3 Qf6 23. Bxe6 Rxe6 24. e4 Nd4 25. Rf1 Nxf3 26. Qxf3 Qxf3 27. Rxf3 f6
28. Rff1 b5 29. Rfc1 Rd8 30. Kg1 Kf7 31. Kf2 Rd4 32. Ke3 Red6 33. Rd1 Rd7 34.
c3 R4d6 35. Rd2 Ke6 36. g4 g6 37. Rf1 1/2-1/2

[Event "NAYCC U16 w"]
[Site "Kingston CAN"]
[Date "2019.08.18"]
[Round "6.177"]
[White "Liu, Gloria"]
[Black "Chan, Alison"]
[Result "0-1"]
[WhiteElo "870"]
[BlackElo "1373"]
[PlyCount "112"]
[EventDate "2019.08.16"]
[EventType "swiss"]
[EventRounds "9"]
[EventCountry "CAN"]

1. e4 e5 2. Nf3 Nc6 3. d4 d6 4. dxe5 Qe7 5. exd6 Qxe4+ 6. Be3 Bxd6 7. Nc3 Qe7
8. Bc4 Bg4 9. h3 Bh5 10. g4 Bg6 11. a3 O-O-O 12. Qe2 Nf6 13. O-O-O Bxa3 14. Nb5
Bc5 15. Bxc5 Qxc5 16. Na3 Rhe8 17. Rxd8+ Rxd8 18. Nh4 Qg5+ 19. f4 Qxh4 20. f5
Bxf5 21. gxf5 Qf4+ 22. Kb1 Qxf5 23. Bxf7 Nd4 24. Qc4 Ne4 25. Rd1 Nd6 26. Qxd4
Nxf7 27. Qg1 Rxd1+ 28. Qxd1 Qxh3 29. Qg1 Qh6 30. Qxa7 Qa6 31. Qe3 h6 32. Qe4
Nd6 33. Qg4+ Kd8 34. Qxg7 Qf1+ 35. Ka2 Qf7+ 36. Qxf7 Nxf7 37. Kb3 h5 38. Nc4 h4
39. Ne3 h3 40. Nf1 Ke7 41. Kc3 Kf6 42. Kd4 Kf5 43. Ke3 Kg4 44. Kf2 Ne5 45. Nh2+
Kf4 46. b3 Ng4+ 47. Nxg4 Kxg4 48. c4 Kf4 49. b4 h2 50. Kg2 Ke4 51. Kxh2 Kd4 52.
b5 Kxc4 53. b6 cxb6 54. Kg2 b5 55. Kf2 Kd3 56. Ke1 Kc2 0-1

[Event "NAYCC U16 w"]
[Site "Kingston CAN"]
[Date "2019.08.18"]
[Round "6.178"]
[White "Pinder, Trinity"]
[Black "Zhang, Michelle"]
[Result "0-1"]
[WhiteElo "1289"]
[BlackElo "1486"]
[PlyCount "92"]
[EventDate "2019.08.16"]
[EventType "swiss"]
[EventRounds "9"]
[EventCountry "CAN"]

1. d4 Nf6 2. c4 g6 3. Nc3 d5 4. Nf3 Bg7 5. e3 O-O 6. Bd3 b6 7. cxd5 Nxd5 8. O-O
Bb7 9. e4 Nxc3 10. bxc3 Qd7 11. Re1 Rd8 12. Bb2 c5 13. Bc4 cxd4 14. cxd4 Nc6
15. e5 e6 16. a3 Ne7 17. Rc1 Nd5 18. Ng5 Rac8 19. Qf3 a5 20. Bb5 Qe7 21. Ne4
Bh6 22. Rxc8 Rxc8 23. Nd6 Rc7 24. Nxb7 Rxb7 25. Bc6 Rc7 26. Bxd5 exd5 27. Qxd5
Rc2 28. Qb3 Qc7 29. d5 Qc5 30. Qg3 Rxb2 31. Rd1 Rd2 32. Qf3 Rxd1+ 33. Qxd1 Qc1
34. Qxc1 Bxc1 35. d6 Bxa3 36. f4 Bc5+ 37. Kf1 a4 38. Ke2 a3 39. Kd3 a2 40. Kc4
a1=Q 41. Kd5 Qa8+ 42. Kc4 Qc6 43. Kd3 Qd5+ 44. Kc3 Qd4+ 45. Kc2 Bxd6 46. exd6
Qxd6 0-1

[Event "NAYCC U16 w"]
[Site "Kingston CAN"]
[Date "2019.08.19"]
[Round "7.173"]
[White "Wang, Isabelle"]
[Black "Vittal, Sanjana"]
[Result "0-1"]
[WhiteElo "1439"]
[BlackElo "1906"]
[PlyCount "88"]
[EventDate "2019.08.16"]
[EventType "swiss"]
[EventRounds "9"]
[EventCountry "CAN"]

1. e4 e5 2. Nf3 Nc6 3. Nc3 Nf6 4. d4 exd4 5. Nxd4 Bb4 6. Nxc6 bxc6 7. Bd3 d5 8.
exd5 O-O 9. O-O cxd5 10. Bg5 c6 11. Qf3 Bd6 12. Bxf6 Qxf6 13. Qxf6 gxf6 14. Ne2
Re8 15. Ng3 Rb8 16. Rab1 Rb4 17. c3 Rh4 18. Rbe1 Re5 19. Rxe5 fxe5 20. Nf5 Bxf5
21. Bxf5 Ra4 22. a3 e4 23. Bd7 Ra6 24. Rd1 Rb6 25. b4 Be5 26. Rc1 Kf8 27. g3 h6
28. a4 a5 29. bxa5 Ra6 30. Bc8 Rxa5 31. Bb7 Rc5 32. a5 d4 33. a6 Bb8 34. c4 d3
35. Kf1 Ba7 36. g4 f5 37. Bc8 fxg4 38. Bxg4 Rg5 39. h3 h5 40. Bd7 e3 41. c5 e2+
42. Ke1 Rg1+ 43. Kd2 Rxc1 44. Kxc1 e1=Q+ 0-1

[Event "NAYCC U16 w"]
[Site "Kingston CAN"]
[Date "2019.08.19"]
[Round "7.174"]
[White "Carrillo, Hiromi"]
[Black "Benito de Leo, Estefania"]
[Result "1/2-1/2"]
[WhiteElo "1503"]
[BlackElo "1431"]
[PlyCount "81"]
[EventDate "2019.08.16"]
[EventType "swiss"]
[EventRounds "9"]
[EventCountry "CAN"]

1. c4 c5 2. Nc3 Nf6 3. g3 g6 4. Bg2 Bg7 5. Nf3 Nc6 6. d3 d5 7. cxd5 Nxd5 8. Bd2
Nc7 9. Qc1 b6 10. O-O Bb7 11. Bh6 O-O 12. Rd1 Ne6 13. Bxg7 Kxg7 14. e3 Rb8 15.
a3 a6 16. Rb1 Qc7 17. b4 cxb4 18. axb4 Ne5 19. Nxe5 Qxe5 20. d4 Qf5 21. d5 Nd8
22. Qd2 e6 23. Qd4+ Qf6 24. Qxf6+ Kxf6 25. d6 Bxg2 26. Kxg2 Rb7 27. f4 Kg7 28.
Ne4 f6 29. Rbc1 Rff7 30. Rc7 f5 31. Ng5 Rd7 32. Rc8 Nf7 33. Rc7 Nxg5 34. Rxb7
Rxb7 35. fxg5 Rd7 36. Ra1 Rxd6 37. Rxa6 Kf8 38. Ra8+ Kf7 39. Ra7+ Kg8 40. Ra8+
Kf7 41. Ra7+ 1/2-1/2

[Event "NAYCC U16 w"]
[Site "Kingston CAN"]
[Date "2019.08.19"]
[Round "7.175"]
[White "Cui, Cynthia"]
[Black "He, Emma"]
[Result "0-1"]
[WhiteElo "1783"]
[BlackElo "1808"]
[PlyCount "80"]
[EventDate "2019.08.16"]
[EventType "swiss"]
[EventRounds "9"]
[EventCountry "CAN"]

1. c4 e6 2. Nc3 d5 3. d4 a6 4. cxd5 exd5 5. Bf4 Nf6 6. Qc2 Bd6 7. Bg5 Be6 8. e3
h6 9. Bh4 Nbd7 10. Bd3 O-O 11. Bg3 Bxg3 12. hxg3 Re8 13. Nf3 c6 14. Rh4 b5 15.
O-O-O c5 16. Rdh1 b4 17. Na4 c4 18. Bf5 b3 19. axb3 cxb3 20. Qd3 Rc8+ 21. Nc3
Qa5 22. Bxe6 Rxe6 23. Nd2 Qb4 24. Kd1 a5 25. Ke2 Nb6 26. Ra1 Rec6 27. Rhh1 a4
28. Rhc1 Ne8 29. Nf3 Nd6 30. Ne5 R6c7 31. f3 f6 32. Ng4 Ndc4 33. Qg6 Kf8 34.
Qh7 Nxb2 35. Qh8+ Kf7 36. Qh7 Rxc3 37. Rxc3 Qxc3 38. Nxh6+ Ke6 39. Qf5+ Ke7 40.
Qh7 Qc2+ 0-1

[Event "NAYCC U16 w"]
[Site "Kingston CAN"]
[Date "2019.08.19"]
[Round "7.176"]
[White "Zhou, Iris"]
[Black "Chan, Alison"]
[Result "1-0"]
[WhiteElo "1794"]
[BlackElo "1373"]
[PlyCount "115"]
[EventDate "2019.08.16"]
[EventType "swiss"]
[EventRounds "9"]
[EventCountry "CAN"]

1. e4 e5 2. Nf3 Nc6 3. Bc4 Bc5 4. c3 Nf6 5. d3 O-O 6. Nbd2 d6 7. O-O Bg4 8. h3
Bh5 9. Re1 Qd7 10. a4 a6 11. a5 Qc8 12. Nf1 Bg6 13. Nh4 Ba7 14. Ng3 Re8 15. Qf3
Nb8 16. Nhf5 Nbd7 17. Bg5 Qd8 18. h4 h6 19. Bd2 Bxf5 20. Nxf5 Nf8 21. Bxh6 Ne6
22. Bxe6 fxe6 23. Nxg7 Qe7 24. Nxe8 Rxe8 25. Bg5 Rf8 26. h5 Qg7 27. Be3 Bxe3
28. fxe3 Ng4 29. Qg3 Qg5 30. Rf1 Qxh5 31. Rxf8+ Kxf8 32. Rf1+ Ke7 33. Qh3 Qg6
34. Rf3 Nf6 35. Qh4 Qg7 36. d4 exd4 37. exd4 e5 38. d5 Qg6 39. c4 Qg7 40. b4
Qg6 41. Kf2 Qg7 42. Ke3 Qg6 43. Qxf6+ Qxf6 44. Rxf6 Kxf6 45. c5 Ke7 46. c6 b6
47. b5 axb5 48. a6 b4 49. a7 b3 50. a8=Q b2 51. Qa2 b1=Q 52. Qxb1 Kd8 53. Qf1
Ke7 54. g4 b5 55. g5 b4 56. g6 b3 57. Qf7+ Kd8 58. Qd7# 1-0

[Event "NAYCC U16 w"]
[Site "Kingston CAN"]
[Date "2019.08.19"]
[Round "7.177"]
[White "Zhang, Michelle"]
[Black "Liu, Gloria"]
[Result "1-0"]
[WhiteElo "1466"]
[BlackElo "870"]
[PlyCount "63"]
[EventDate "2019.08.16"]
[EventType "swiss"]
[EventRounds "9"]
[EventCountry "CAN"]

1. e4 c5 2. Nf3 d6 3. d4 cxd4 4. Nxd4 Nf6 5. Nc3 g6 6. Be2 Bg7 7. O-O O-O 8.
Be3 h6 9. Qd2 g5 10. Rad1 Ng4 11. Bxg4 Bxg4 12. f3 Bd7 13. Nf5 Bxf5 14. exf5
Qd7 15. g4 Nc6 16. f4 f6 17. a3 a5 18. Nd5 Ra6 19. c4 e6 20. fxe6 Qxe6 21. f5
Qd7 22. h3 Ne5 23. b3 Re8 24. Qc3 Kf7 25. c5 Rc8 26. b4 axb4 27. axb4 b6 28.
Nxb6 Rxb6 29. Qb3+ Kf8 30. cxb6 Nc4 31. Rc1 Qb5 32. b7 1-0

[Event "NAYCC U16 w"]
[Site "Kingston CAN"]
[Date "2019.08.19"]
[Round "7.178"]
[White "Su, Carah"]
[Black "Pinder, Trinity"]
[Result "1-0"]
[WhiteElo "1494"]
[BlackElo "1289"]
[PlyCount "81"]
[EventDate "2019.08.16"]
[EventType "swiss"]
[EventRounds "9"]
[EventCountry "CAN"]

1. e4 c5 2. Nf3 d6 3. d4 cxd4 4. Nxd4 Nc6 5. Nc3 g6 6. Be3 Bg7 7. Qd2 Nf6 8. f3
O-O 9. O-O-O a6 10. g4 Re8 11. h4 Ne5 12. Qg2 b5 13. h5 Bb7 14. hxg6 fxg6 15.
Ne6 Qc8 16. Nxg7 Kxg7 17. Bd4 Qe6 18. a3 Ned7 19. g5 Kg8 20. gxf6 Nxf6 21. Qh2
Nh5 22. Bh3 Qf7 23. Bg4 Bc8 24. Bxh5 gxh5 25. Rdg1+ Kf8 26. Qxh5 Qxh5 27. Rxh5
Kf7 28. Rg7+ Ke6 29. Rh6+ Kd7 30. Rhxh7 Ke6 31. Rh6+ Kd7 32. Nd5 Rb8 33. Nf6+
Kd8 34. Nxe8 Kxe8 35. Rh8+ Kd7 36. f4 Rb7 37. f5 Kc6 38. Rxc8+ Rc7 39. Rxc7+
Kxc7 40. Rxe7+ Kc6 41. f6 1-0

[Event "NAYCC U16 w"]
[Site "Kingston CAN"]
[Date "2019.08.19"]
[Round "8.173"]
[White "Vittal, Sanjana"]
[Black "Zhang, Michelle"]
[Result "1-0"]
[WhiteElo "1905"]
[BlackElo "1486"]
[PlyCount "65"]
[EventDate "2019.08.16"]
[EventType "swiss"]
[EventRounds "9"]
[EventCountry "CAN"]

1. e4 e5 2. Bc4 Bc5 3. Nc3 Nf6 4. d3 h6 5. h3 d6 6. Na4 Bb6 7. Nxb6 axb6 8. f4
exf4 9. Bxf4 Be6 10. Bxe6 fxe6 11. Ne2 c5 12. O-O Nc6 13. c3 O-O 14. Ng3 e5 15.
Be3 Kh8 16. Qd2 Nh7 17. Nf5 Ne7 18. Nh4 g5 19. Nf3 Ng6 20. g3 Qe7 21. Kg2 b5
22. Qe2 Rfc8 23. Nh2 Nf6 24. Rf5 Nf8 25. Ng4 Nxg4 26. Qxg4 Nh7 27. Qh5 Qg7 28.
Rf7 Qg8 29. Rxb7 Rxa2 30. Rxa2 Qxa2 31. Qxh6 Qxb2+ 32. Bf2 Rf8 33. Qxh7# 1-0

[Event "NAYCC U16 w"]
[Site "Kingston CAN"]
[Date "2019.08.19"]
[Round "8.174"]
[White "He, Emma"]
[Black "Carrillo, Hiromi"]
[Result "0-1"]
[WhiteElo "1808"]
[BlackElo "1503"]
[PlyCount "110"]
[EventDate "2019.08.16"]
[EventType "swiss"]
[EventRounds "9"]
[EventCountry "CAN"]

1. e4 c5 2. Nf3 d6 3. Bb5+ Bd7 4. Bxd7+ Qxd7 5. c4 Qg4 6. O-O Qxe4 7. d4 Nf6 8.
Re1 Qc6 9. Nc3 a6 10. Bg5 Nbd7 11. dxc5 dxc5 12. Nd5 Nxd5 13. cxd5 Qd6 14. Qe2
Nb6 15. Rad1 f6 16. Qe6 Rd8 17. Bf4 Qxe6 18. dxe6 Rc8 19. b3 g5 20. Bd2 Bg7 21.
a4 O-O 22. Ba5 Na8 23. Rd7 b6 24. Bc3 Rfe8 25. b4 cxb4 26. Bxb4 Bf8 27. Nd4 Rc4
28. Rb1 a5 29. Bd2 Rxa4 30. Nb5 Rc4 31. Be3 Rb8 32. h3 Kg7 33. Nd6 Rc7 34. Rd1
Rxd7 35. Nf5+ Kg6 36. exd7 Rd8 37. Ng3 Kf7 38. Ne4 Ke6 39. Rb1 Kxd7 40. Bxb6
Nxb6 41. Rxb6 Ra8 42. Nc5+ Ke8 43. Na4 Kf7 44. Kf1 Bg7 45. Ke2 Ra7 46. Nc5 a4
47. Ra6 Rxa6 48. Nxa6 a3 49. Nb4 f5 50. Kd3 Ke6 51. Kc2 Bb2 52. Nd3 Kd5 53.
Nb4+ Kc4 54. Na2 e5 55. g3 e4 0-1

[Event "NAYCC U16 w"]
[Site "Kingston CAN"]
[Date "2019.08.19"]
[Round "8.175"]
[White "Zhou, Iris"]
[Black "Su, Carah"]
[Result "1-0"]
[WhiteElo "1794"]
[BlackElo "1494"]
[PlyCount "81"]
[EventDate "2019.08.16"]
[EventType "swiss"]
[EventRounds "9"]
[EventCountry "CAN"]

1. e4 e5 2. Nf3 Nc6 3. Bc4 Bc5 4. c3 Nf6 5. d3 d6 6. Nbd2 O-O 7. O-O Bb6 8. Re1
Ne7 9. Bb3 Ng6 10. Nf1 Bg4 11. h3 Bd7 12. Ng3 h6 13. d4 Kh8 14. Bc2 Ng8 15. a4
a6 16. a5 Ba7 17. b3 N8e7 18. Nf5 exd4 19. Nxe7 Qxe7 20. cxd4 Nh4 21. Bb2 Bc6
22. d5 Bd7 23. e5 Nxf3+ 24. Qxf3 Qg5 25. exd6 cxd6 26. Qd3 f5 27. Rac1 Bc5 28.
Bb1 Rac8 29. Qf3 Bb4 30. Bc3 Bxa5 31. h4 Qd8 32. b4 Bc7 33. Qg3 Rf7 34. Qg6 Qg8
35. Qxh6+ Qh7 36. Qf4 Qg6 37. Re3 Qg4 38. Qxg4 fxg4 39. Bg6 Rff8 40. Re7 Rfd8
41. Rxg7 1-0

[Event "NAYCC U16 w"]
[Site "Kingston CAN"]
[Date "2019.08.19"]
[Round "8.176"]
[White "Benito de Leo, Estefania"]
[Black "Cui, Cynthia"]
[Result "0-1"]
[WhiteElo "1431"]
[BlackElo "1783"]
[PlyCount "164"]
[EventDate "2019.08.16"]
[EventType "swiss"]
[EventRounds "9"]
[EventCountry "CAN"]

1. e4 e6 2. d4 d5 3. Nd2 h6 4. exd5 exd5 5. Ngf3 Bd6 6. Bd3 Nc6 7. O-O Nge7 8.
b3 Bg4 9. Bb2 Qd7 10. Re1 O-O-O 11. c4 Rdg8 12. Nf1 Bf4 13. Ne3 Bxe3 14. fxe3
f5 15. Rf1 g5 16. Qd2 Kb8 17. Ne5 Nxe5 18. dxe5 dxc4 19. bxc4 Qe6 20. Qc2 Rf8
21. Rab1 Bh5 22. Bd4 Be8 23. Qb2 Bc6 24. Qa3 b6 25. Bc5 Rh7 26. Bd4 Bb7 27. c5
Qd5 28. Rf2 Rhf7 29. cxb6 cxb6 30. Rb5 Qd7 31. Qd6+ Qxd6 32. exd6 Nc8 33. Rfxf5
Rxf5 34. Rxf5 Rxf5 35. Bxf5 Nxd6 36. Bg4 Bd5 37. a4 Bf7 38. Bd1 Kb7 39. g4 Bg6
40. Kf2 Kc6 41. Bg7 Nf7 42. Bb3 h5 43. h3 hxg4 44. hxg4 Nd6 45. Bh6 Ne4+ 46.
Kg2 Nf6 47. Kh3 Ne4 48. Kg2 Nf6 49. Bxg5 Nxg4 50. Bd1 Ne5 51. Bb3 Nd3 52. Kf3
Nc5 53. Bd1 Bh5+ 54. Kf4 Bxd1 55. Kf5 Bxa4 56. e4 Bc2 57. Ke5 Bxe4 58. Bd2 Bc2
59. Be3 Nb3 60. Bh6 Kc5 61. Be3+ Kc6 62. Bh6 a5 63. Bf8 b5 64. Ba3 b4 65. Bb2
a4 66. Kf4 Kc5 67. Ke3 Kc4 68. Ke2 a3 69. Bg7 a2 70. Bb2 a1=Q 71. Bxa1 Nxa1 72.
Kd2 Kb3 73. Kc1 Bg6 74. Kd2 Ka2 75. Kc1 b3 76. Kd2 b2 77. Kc3 b1=Q 78. Kc4 Qd3+
79. Kc5 Nb3+ 80. Kc6 Be4+ 81. Kb6 Qd5 82. Ka6 Qb7# 0-1

[Event "NAYCC U16 w"]
[Site "Kingston CAN"]
[Date "2019.08.19"]
[Round "8.177"]
[White "Liu, Gloria"]
[Black "Savla, Saniya"]
[Result "1-0"]
[WhiteElo "870"]
[BlackElo "1405"]
[PlyCount "75"]
[EventDate "2019.08.16"]
[EventType "swiss"]
[EventRounds "9"]
[EventCountry "CAN"]

1. e4 c6 2. d4 d5 3. Nc3 dxe4 4. Nxe4 Bf5 5. Ng3 Bg6 6. Nf3 Nd7 7. Bd3 Ngf6 8.
Bxg6 hxg6 9. Qe2 Qc7 10. Bd2 e6 11. Ne4 Nxe4 12. Qxe4 Bd6 13. Bc3 Nf6 14. Qd3
O-O-O 15. O-O-O Nd5 16. Bd2 Nf6 17. h3 Kb8 18. Kb1 Rc8 19. Rc1 Rhd8 20. Qe2 Bf4
21. Rcd1 Bxd2 22. Rxd2 Rd5 23. Re1 Rcd8 24. Red1 R5d7 25. Ne5 Rd6 26. g4 g5 27.
c4 c5 28. dxc5 Rxd2 29. Rxd2 Rxd2 30. Qxd2 Qxc5 31. Qxg5 Qxf2 32. Nd7+ Ka8 33.
Nxf6 Qxf6 34. Qxf6 gxf6 35. h4 f5 36. gxf5 exf5 37. h5 Kb8 38. h6 1-0

[Event "NAYCC U16 w"]
[Site "Kingston CAN"]
[Date "2019.08.19"]
[Round "8.178"]
[White "Chan, Alison"]
[Black "Pinder, Trinity"]
[Result "1-0"]
[WhiteElo "1373"]
[BlackElo "1289"]
[PlyCount "97"]
[EventDate "2019.08.16"]
[EventType "swiss"]
[EventRounds "9"]
[EventCountry "CAN"]

1. e4 c5 2. Nf3 d6 3. d4 cxd4 4. Nxd4 Nc6 5. Nc3 g6 6. Be3 Bg7 7. Be2 Nf6 8.
O-O O-O 9. Qd2 d5 10. exd5 Nxd5 11. Nxd5 Qxd5 12. Bf3 Qd7 13. Nxc6 bxc6 14.
Qxd7 Bxd7 15. Rad1 Bf5 16. c3 Rab8 17. Rd2 Be6 18. Bxa7 Ra8 19. Be3 Rxa2 20.
Bxc6 Rb8 21. b4 Bxc3 22. Rxa2 Bxa2 23. b5 Bc4 24. Rc1 Rd8 25. g3 Rd3 26. Be4
Rd6 27. Rxc3 Bxb5 28. Rc1 Bd3 29. Bxd3 Rxd3 30. Bh6 Rd8 31. Rb1 e6 32. Bf4 Kg7
33. Be5+ Kf8 34. Rb8 Rxb8 35. Bxb8 Ke7 36. Kg2 f6 37. Kf3 f5 38. Kf4 h6 39. h4
Kf7 40. Be5 Ke7 41. Bg7 g5+ 42. hxg5 hxg5+ 43. Kxg5 Kf7 44. Be5 Ke7 45. Kg6 Ke8
46. Kf6 Kd7 47. Kf7 Kc6 48. Kxe6 Kc5 49. Kxf5 1-0

[Event "NAYCC U16 w"]
[Site "Kingston CAN"]
[Date "2019.08.20"]
[Round "9.173"]
[White "Chan, Alison"]
[Black "Vittal, Sanjana"]
[Result "0-1"]
[WhiteElo "1373"]
[BlackElo "1905"]
[PlyCount "54"]
[EventDate "2019.08.16"]
[EventType "swiss"]
[EventRounds "9"]
[EventCountry "CAN"]

1. e4 e5 2. Nf3 Nc6 3. Bc4 Nf6 4. d3 Be7 5. O-O O-O 6. Nbd2 d6 7. c3 Kh8 8. Re1
Ng8 9. d4 exd4 10. cxd4 f5 11. e5 f4 12. h3 Nh6 13. b3 Bf5 14. a3 dxe5 15. dxe5
Nd4 16. Ne4 Nxf3+ 17. Qxf3 Qd4 18. Bxf4 Bxe4 19. Qxe4 Rxf4 20. Qxb7 Raf8 21.
Qxc7 Rxf2 22. Kh1 Nf5 23. e6 Bd6 24. Qc6 Ng3+ 25. Kh2 Qf4 26. Kg1 Ne2+ 27. Bxe2
Qh2# 0-1

[Event "NAYCC U16 w"]
[Site "Kingston CAN"]
[Date "2019.08.20"]
[Round "9.174"]
[White "Zhang, Michelle"]
[Black "Carrillo, Hiromi"]
[Result "0-1"]
[WhiteElo "1466"]
[BlackElo "1503"]
[PlyCount "128"]
[EventDate "2019.08.16"]
[EventType "swiss"]
[EventRounds "9"]
[EventCountry "CAN"]

1. e4 c5 2. Nf3 d6 3. d4 cxd4 4. Nxd4 Nf6 5. Nc3 a6 6. Be2 e5 7. Nb3 Be6 8. Be3
Be7 9. O-O O-O 10. Qd2 b5 11. a3 Nbd7 12. f3 Nb6 13. Rfd1 Qc7 14. f4 Rfd8 15.
Kh1 Nc4 16. Bxc4 bxc4 17. Nc1 Qb7 18. f5 Bc8 19. Re1 Qxb2 20. N1e2 Qb7 21. Rab1
Qd7 22. Bb6 Re8 23. Nd5 Nxd5 24. Qxd5 Bb7 25. Qxc4 Rac8 26. Qd3 Qc6 27. Ng3
Qxc2 28. Qf3 f6 29. Nh5 Kh8 30. Qg4 Bf8 31. Bd8 Rexd8 32. Rxb7 Rc7 33. Rxc7
Qxc7 34. Kg1 Qc5+ 35. Kf1 Qxa3 36. Qh4 Qa5 37. Rb1 Qc7 38. h3 Ra8 39. Kg1 Qf7
40. Ra1 a5 41. Ng3 a4 42. Ne2 Qb3 43. Qg3 Qxg3 44. Nxg3 a3 45. Ne2 Ra5 46. Nc3
Kg8 47. Nd5 Kf7 48. Kf2 g6 49. g4 Bh6 50. Ke2 Kg7 51. Kd3 Bg5 52. Kc2 Rc5+ 53.
Kb3 Bc1 54. Nb4 Bb2 55. Rd1 Bd4 56. Kxa3 Rc3+ 57. Ka2 Rxh3 58. Rc1 Bc5 59. Nd5
Ra3+ 60. Kb2 Rg3 61. fxg6 hxg6 62. Rf1 Rxg4 63. Nxf6 Rf4 64. Rxf4 exf4 0-1

[Event "NAYCC U16 w"]
[Site "Kingston CAN"]
[Date "2019.08.20"]
[Round "9.175"]
[White "Wang, Isabelle"]
[Black "Zhou, Iris"]
[Result "1/2-1/2"]
[WhiteElo "1439"]
[BlackElo "1794"]
[PlyCount "91"]
[EventDate "2019.08.16"]
[EventType "swiss"]
[EventRounds "9"]
[EventCountry "CAN"]

1. e4 c5 2. Nf3 d6 3. d4 Nf6 4. Nc3 cxd4 5. Nxd4 Nc6 6. Be3 e5 7. Nb3 Be6 8.
Be2 Be7 9. O-O O-O 10. f4 exf4 11. Bxf4 a6 12. Kh1 b5 13. Nd4 Nxd4 14. Qxd4 Qd7
15. a3 Rfd8 16. Rad1 Rac8 17. e5 dxe5 18. Qxe5 Qe8 19. Bf3 Bg4 20. Bxg4 Nxg4
21. Qe2 Nf6 22. Rde1 Bc5 23. Qf3 Qc6 24. Bg5 Qxf3 25. Rxf3 Rd6 26. Ref1 Re8 27.
h3 Bd4 28. Rd3 h6 29. Bf4 Rd7 30. Rfd1 Red8 31. Rf1 Bc5 32. Rfd1 Rxd3 33. Rxd3
Rxd3 34. cxd3 Bd4 35. Bc1 Kf8 36. Ne2 Bb6 37. g4 Ke7 38. Kg2 h5 39. Kf3 hxg4+
40. hxg4 Ke6 41. g5 Nd5 42. Nc3 Bd4 43. Ne4 f5 44. gxf6 gxf6 45. Ng3 Ke5 46.
Ne2 1/2-1/2

[Event "NAYCC U16 w"]
[Site "Kingston CAN"]
[Date "2019.08.20"]
[Round "9.176"]
[White "Benito de Leo, Estefania"]
[Black "He, Emma"]
[Result "1-0"]
[WhiteElo "1431"]
[BlackElo "1808"]
[PlyCount "71"]
[EventDate "2019.08.16"]
[EventType "swiss"]
[EventRounds "9"]
[EventCountry "CAN"]

1. e4 e5 2. Bc4 Nf6 3. d3 Nc6 4. Nf3 Bc5 5. c3 O-O 6. O-O d6 7. Bb3 a6 8. Nbd2
Ba7 9. Re1 Ng4 10. Re2 Kh8 11. Nf1 f5 12. exf5 Bxf5 13. Bg5 Qe8 14. Bh4 h6 15.
h3 Nf6 16. Ne3 Bd7 17. Nh2 g5 18. Bg3 Nh5 19. Kh1 Ne7 20. d4 Nf4 21. Bxf4 gxf4
22. Neg4 h5 23. Nxe5 dxe5 24. Rxe5 Rf5 25. Qe2 Rxe5 26. Qxe5+ Kh7 27. Qxf4 Qg6
28. Re1 Nf5 29. Qxc7 Qg7 30. Bc2 Rg8 31. Bxf5+ Bxf5 32. Re7 Be4 33. f3 Bd5 34.
Rxg7+ Rxg7 35. Qe5 Bf7 36. Nf1 1-0